Pilotní výuka předmětu Cvičná firma na Fakultě financí a účetnictví VŠE v Praze a jeho význam pro profesní uplatnění absolventů

Koncepcia inovovaného predmetu Didaktika cvičnej firmy v podobe integrovaného predmetu Cvičná firma, ktorý bol pilotne implementovaný do bakalárskeho študijného programu Financie a účtovníctvo Vysokej školy ekonomickej v Prahe. Príspevok je zameraný na analýzu všeobecných didaktických aspektov výučb...

Ausführliche Beschreibung

Gespeichert in:
Bibliographische Detailangaben
1. Verfasser: Berková, Kateřina
Weitere Verfasser: Fišerová, Marie
Format: Buchkapitel
Sprache:Tschechisch
Schlagworte:
Tags: Tag hinzufügen
Keine Tags, Fügen Sie das erste Tag hinzu!

MARC

LEADER 00000nla a2200000 4500
001 0246937
005 20240417075143.1
041 0 |a cze 
044 |a CZ 
245 1 0 |a Pilotní výuka předmětu Cvičná firma na Fakultě financí a účetnictví VŠE v Praze a jeho význam pro profesní uplatnění absolventů  |c Kateřina Berková, Marie Fišerová 
520 |a Koncepcia inovovaného predmetu Didaktika cvičnej firmy v podobe integrovaného predmetu Cvičná firma, ktorý bol pilotne implementovaný do bakalárskeho študijného programu Financie a účtovníctvo Vysokej školy ekonomickej v Prahe. Príspevok je zameraný na analýzu všeobecných didaktických aspektov výučby. 
610 2 0 |a vzdelávanie 
610 2 0 |a vzdelávanie vysokoškolské 
610 2 0 |a ekonómia 
610 2 0 |a prax odborná 
610 2 0 |a didaktika 
610 2 0 |a školstvo 
610 2 0 |a firmy cvičné 
100 1 |a Berková, Kateřina 
700 1 |a Fišerová, Marie